Представление документа в формате RUSMARC

ПолеНазваниеЗначение
  Тип записи a
  Библиографический уровень m
001 Контрольный номер SKBR/2dc1d235-f9b9-4ccc-b0ac-6e0f3d7a9375
005 Дата корректировки 20211217162021.9
010 Индекс ISBN __
a ISBN 978-5-906929-09-9
9 Тираж 3000 экз.
b Уточнения в пер.
d Цена 412-57
021 № государственной регистрации __
a Код страны RU
b № документа 2018-47056
035 Другие системные номера __
a Идентификатор записи (RuMoRGB)009673506
035 Другие системные номера __
a Идентификатор записи RU\NLR\BIBL_A\011757859
100 Данные общей обработки __
a Данные общей обработки 20180724d2018####de y0rusy0289 ca
101 Язык документа 0_
a Язык текста rus
102 Страна публикации __
a Страна публикации RU
105 Кодированные данные (монография) __
a Кодированные данные (монография) abchf 000yy
181 Поле кодированных данных: вид содержания _0
a Код вида содержания (ISBD) i
182 Поле кодированных данных: тип средства _0
a Код типа средства (ISBD) n
200 Заглавие и сведения об ответственности 1_
a Заглавие Российские первопроходцы
e Сведения, относящиеся к заглавию путешествия, которые изменили мир
e Сведения, относящиеся к заглавию [10 экспедиций, 22 путешественника, уникальные фотографии и карты]
f Первые сведения об ответственности Артем Аракелов
203 Вид содержания и тип средства __
a Вид содержания Текст
c Тип средства непосредственный
210 Выходные данные 1_
a Место издания Москва
c Издательство Clever
c Издательство Клевер-Медиа-Групп
d Дата издания 2018
215 Физическое описание __
a Объем 85 с.
c Иллюстрации/тип воспроизводства ил., факс., цв. ил., портр., фот.
d Формат 27 см
225 Серия 1_
a Серия Сила знаний
225 Серия 1_
a Серия Удивительные энциклопедии
330 Аннотация __
a Аннотация Энциклопедия "Российские первопроходцы" расскажет о самых опасных и трудных путешествиях, которые изменили мир. Подлинные документальные фотографии и архивные документы сделали книгу полезной и увлекательной не только для детей, но и для родителей. Ощутите полное погружение в атмосферу и быт того времени и изучите удивительные места планеты в компании с величайшими российскими первооткрывателями. Вместе с героями этой книги найдите дорогу в сибирской тайге, нанесите на карту полярные районы, совершите походы к новым континентам, устройте зимовку на льдине и свяжите материки воздушной трассой. Познакомьтесь с опасными и невероятными экспедициями Дежнёва, Беринга, Беллинсгаузена, Папанина, Чкалова и многих других.
606 Тематические рубрики 1_
a Основная рубрика География
606 Тематические рубрики 1_
a Основная рубрика История географии
y Географическая подрубрика Россия
610 Ключевые слова 0_
a Ключевые слова первооткрыватели
610 Ключевые слова 0_
a Ключевые слова первопроходцы
610 Ключевые слова 0_
a Ключевые слова российские путешественники
610 Ключевые слова 0_
a Ключевые слова российские первооткрыватели
610 Ключевые слова 0_
a Ключевые слова российские первопроходцы
610 Ключевые слова 0_
a Ключевые слова путешественники
610 Ключевые слова 0_
a Ключевые слова географические экспедиции
610 Ключевые слова 0_
a Ключевые слова экспедиции
610 Ключевые слова 0_
a Ключевые слова географические исследования
610 Ключевые слова 0_
a Ключевые слова персоналии
610 Ключевые слова 0_
a Ключевые слова познавательная литература
610 Ключевые слова 0_
a Ключевые слова развивающая литература
610 Ключевые слова 0_
a Ключевые слова занимательная география
610 Ключевые слова 0_
a Ключевые слова детская литература
610 Ключевые слова 0_
a Ключевые слова географические открытия
610 Ключевые слова 0_
a Ключевые слова научные открытия
610 Ключевые слова 0_
a Ключевые слова полярные экспедиции
686 Индексы других классификаций __
a Классификационный индекс 26.8г.я20; ст26.8г.я2
2 Код системы rubbks
700 Автор _1
a Фамилия Аракелов
b Имя А.
g Полное личное имя Артем
4 Код отношения 070
801 Источник записи _0
a Страна RU
b Организация NLR
c Дата составления 20180724
g Правила каталогизации RCR
801 Источник записи _1
a Страна RU
b Организация NLR
c Дата составления 20180724
g Правила каталогизации PSBO
801 Источник записи _2
a Страна RU
b Организация NLR
c Дата составления 20180901
2 Код формата rusmarc
g Правила каталогизации PSBO
852 Данные о местонахождении __
i Авторский знак А 79
j Шифр хранения 26.8г.я20
900 Макрообъекты __
a Макрообъекты Российские первопроходцы, 2018
901 Тип документа __
a Ответственный КиК/Лукашук
t Тип документа m
903 Характеристики (МАРС) __
a Дата передачи 20210128
c Наименование библиотеки (МАРС) Муниципальное бюджетное учреждение культуры "Централизованная библиотечная система" г. Сургут (Центральная городская библиотека им. А. С. Пушкина)
969 Тип издания __
a Тип издания издание для детей
a Тип издания энциклопедия
a Тип издания научно-популярное издание
990 Данные о заказе (DOS) __
j Количество экземпляров (DOS) 5
t N записи в КСУ для И/У (DOS) 202102